REASONS FOR SML BEING PRODUCT LEADER IN (Record no. 37936)
[ view plain ]
| 000 -LEADER | |
|---|---|
| fixed length control field | 00241nam a2200097Ia 4500 |
| 008 - FIXED-LENGTH DATA ELEMENTS--GENERAL INFORMATION | |
| fixed length control field | 240625s9999 xx 000 0 und d |
| 041 ## - LANGUAGE CODE | |
| Language code of text/sound track or separate title | eng |
| 082 ## - DEWEY DECIMAL CLASSIFICATION NUMBER | |
| Classification number | 808.20 SHA |
| 100 ## - MAIN ENTRY--PERSONAL NAME | |
| Personal name | SHARMA PRANAV |
| 245 ## - TITLE STATEMENT | |
| Title | REASONS FOR SML BEING PRODUCT LEADER IN |
| Withdrawn status | Lost status | Damaged status | Not for loan | Home library | Current library | Shelving location | Date acquired | Barcode | Date last seen | Price effective from | Koha item type |
|---|---|---|---|---|---|---|---|---|---|---|---|
| IMTN | IMTN | Rack 38-A | 08/01/2016 | SP2677 | 06/25/2024 | 06/25/2024 | Sp |